Trs̊ dimense̳s do cinema economia, direitos autorais e tecnologia

Detalles Bibliográficos
Autor principal: Lemos, Ronaldo
Otros Autores: Souza, Carlos Alfonso Pereira de
Formato: eBook
Lenguaje:portugués
Publicado: Rio de Janeiro : FGV - Direito Rio, 2010
Materias:
Acceso en línea:http://www.vlex.com/source/6833

MARC

LEADER 00000nam a22000007a 4500
005 20130125150254.0
007 cr|||| ||||
008 130125e2010 bl |||||s|||| 00||0 por d
020 |a 8522508089 
035 |a 6833 
040 |a vLex 
090 |c 3618  |d 3618 
100 1 0 |a Lemos, Ronaldo 
245 1 0 |a Trs̊ dimense̳s do cinema  |b economia, direitos autorais e tecnologia  |h [Recurso electrn̤ico] 
256 |a Servicio en ln̕ea 
260 |a Rio de Janeiro :  |b FGV - Direito Rio,   |c 2010 
300 |a 1 Recurso electrn̤ico 
650 0 4 |a Propiedad intelectual  |z Brasil 
650 0 4 |a Economa̕  |z Brasil 
700 1 0 |a Souza, Carlos Alfonso Pereira de 
740 |a vLex Libros (Servicio en ln̕ea) 
856 |a Acceso restringido  |u http://www.vlex.com/source/6833 
942 |c BOOK 
999 0 |a Copyright